[Event "Florianopolis op 10th"]
[Site "Florianopolis"]
[Date "2024.01.26"]
[Round "8"]
[White "Paula Pinto, Mateus Arsenio"]
[Black "Biondo, Luiz Antonio Bortol"]
[Result "1-0"]
[WhiteElo "1640"]
[BlackElo "1340"]
[PlyCount "49"]
[EventDate "2024.01.20"]
[EventType "swiss"]
[EventRounds "10"]
[EventCountry "BRA"]
[SourceTitle "CB05_2024"]
[SourceDate "2024.01.31"]
[SourceVersion "1"]
[SourceVersionDate "2024.01.31"]
[SourceQuality "1"]

1. d4 c5 2. d5 e5 3. c4 d6 4. Nc3 f5 5. e4 Nf6 6. Bd3 f4 7. g3 fxg3 8. hxg3 Be7 9. Bg5 Nbd7 10. Nge2 h6 11. f4 a6 12. Qd2 Kf7 13. Bxf6 Bxf6 14. 0-0-0 Rb8 15. Rdf1 Qg8 16. g4 exf4 17. Nxf4 g5 18. Nh5 Qe8 19. Nxf6 Nxf6 20. e5 dxe5 21. Ne4 Qa4 22. Qf2 Bxg4 23. Qxf6+ Ke8 24. Qxh8+ Kd7 25. Rf7# 1-0

[Event "Florianopolis op 10th"]
[Site "Florianopolis"]
[Date "2024.01.25"]
[Round "7"]
[White "Do Carmo, Gabriel Carckeno"]
[Black "Paula Pinto, Mateus Arsenio"]
[Result "1-0"]
[WhiteElo "1869"]
[BlackElo "1640"]
[PlyCount "49"]
[EventDate "2024.01.20"]
[EventType "swiss"]
[EventRounds "10"]
[EventCountry "BRA"]
[SourceTitle "CB05_2024"]
[SourceDate "2024.01.31"]
[SourceVersion "1"]
[SourceVersionDate "2024.01.31"]
[SourceQuality "1"]

1. e4 e5 2. Nf3 Nc6 3. Bb5 Nf6 4. d3 Bc5 5. c3 0-0 6. 0-0 Re8 7. Bg5 a6 8. Ba4 b5 9. Bc2 h6 10. Bh4 Be7 11. a4 Bb7 12. Na3 b4 13. Nc4 d6 14. Ne3 g6 15. a5 Bc8 16. Ba4 Bd7 17. Rc1 bxc3 18. Rxc3 Nxa5 19. Bxf6 Bxf6 20. b4 Nb7 21. Bxd7 Qxd7 22. Nd5 Bd8 23. Rxc7 Qb5 24. Qb3 Nc5 25. Nf6+ 1-0

[Event "Florianopolis op 10th"]
[Site "Florianopolis"]
[Date "2024.01.24"]
[Round "6"]
[White "Nascimento, Bianca Alencar de S"]
[Black "Paula Pinto, Mateus Arsenio"]
[Result "0-1"]
[WhiteElo "1389"]
[BlackElo "1640"]
[PlyCount "70"]
[EventDate "2024.01.20"]
[EventType "swiss"]
[EventRounds "10"]
[EventCountry "BRA"]
[SourceTitle "CB05_2024"]
[SourceDate "2024.01.31"]
[SourceVersion "1"]
[SourceVersionDate "2024.01.31"]
[SourceQuality "1"]

1. e4 e5 2. Nf3 Nc6 3. Bc4 Bc5 4. 0-0 Nf6 5. d3 0-0 6. c3 h6 7. Re1 a6 8. Bb3 d6 9. Nbd2 Ba7 10. Nf1 Re8 11. Ng3 Be6 12. Bc2 d5 13. Bd2 dxe4 14. Nxe4 Nxe4 15. dxe4 Qf6 16. Be3 Rad8 17. Qe2 Bg4 18. Rad1 Bxe3 19. Qxe3 Bxf3 20. gxf3 Ne7 21. Kh1 Ng6 22. Rg1 Rxd1 23. Bxd1 Rd8 24. Bb3 Nf4 25. Rg3 Qd6 26. Qe1 g6 27. Qf1 Kg7 28. Qc4 Rd7 29. Rg1 Qd2 30. Qc5 Kf6 31. Qf8 Qxf2 32. Qh8+ Ke7 33. Qxe5+ Ne6 34. Bxe6 Qxf3+ 35. Rg2 Rd1# 0-1

[Event "Caxambu op"]
[Site "Caxambu"]
[Date "2023.07.21"]
[Round "2"]
[White "Paula Pinto, Mateus Arsenio"]
[Black "Zambotti, Eduardo Lopes"]
[Result "0-1"]
[WhiteElo "1555"]
[BlackElo "1853"]
[PlyCount "112"]
[EventDate "2023.07.20"]
[EventType "swiss"]
[EventRounds "7"]
[EventCountry "BRA"]
[SourceTitle "CBM 215 Extra"]
[Source "ChessBase"]
[SourceDate "2023.09.30"]
[SourceVersion "1"]
[SourceVersionDate "2023.09.30"]
[SourceQuality "1"]

1. d4 Nf6 2. c4 g6 3. Nf3 Bg7 4. g3 0-0 5. Bg2 d6 6. 0-0 Nbd7 7. Nc3 e5 8. e4 exd4 9. Nxd4 Nc5 10. h3 Re8 11. Re1 h6 12. b4 Ne6 13. Be3 Nxd4 14. Bxd4 Be6 15. Nd5 c6 16. Nxf6+ Bxf6 17. Rc1 Be5 18. f4 Bxd4+ 19. Qxd4 Qb6 20. c5 dxc5 21. bxc5 Qa5 22. Qf6 Rad8 23. f5 Bxf5 24. Rf1 Be6 25. h4 Qc7 26. Rc3 h5 27. a3 Rd2 28. Rf2 Red8 29. Rxd2 Rxd2 30. Qg5 Qd7 31. Qe3 Qd4 32. Qxd4 Rxd4 33. e5 Bd5 34. Bxd5 Rxd5 35. Rb3 Rxc5 36. Rxb7 a5 37. Kf2 Rxe5 38. Rc7 Rc5 39. Ra7 Kg7 40. a4 Kf6 41. Kf3 Ke6 42. Ke3 Rc3+ 43. Kf2 Rc5 44. Ke3 f6 45. Kd4 Rd5+ 46. Kc4 Re5 47. Kd4 Kf5 48. Kd3 Kg4 49. Rg7 g5 50. hxg5 fxg5 51. Kd4 Rd5+ 52. Ke4 Kxg3 53. Rg6 Rc5 54. Kd4 Rf5 55. Ke3 h4 56. Rxc6 h3 0-1

[Event "Florianopolis op 9th"]
[Site "Florianopolis"]
[Date "2023.01.26"]
[Round "5"]
[White "Paula Pinto, Mateus Arsenio"]
[Black "Dos Santos, Dwlyan Silva"]
[Result "1-0"]
[WhiteElo "1538"]
[BlackElo "1810"]
[PlyCount "37"]
[EventDate "2023.01.23"]
[EventType "swiss"]
[EventRounds "10"]
[EventCountry "BRA"]
[SourceTitle "CBM 212 Extra"]
[Source "ChessBase"]
[SourceDate "2023.03.31"]
[SourceVersion "1"]
[SourceVersionDate "2023.03.31"]
[SourceQuality "1"]

1. d4 d5 2. c4 e6 3. Nf3 Nf6 4. g3 Be7 5. Bg2 0-0 6. 0-0 c6 7. Qc2 b6 8. Nbd2 Bb7 9. e4 dxe4 10. Nxe4 c5 11. Nfg5 Nxe4 12. Bxe4 Bxg5 13. Bxb7 Nd7 14. Bxg5 Qxg5 15. Bxa8 Rxa8 16. Rad1 cxd4 17. Qe4 Re8 18. Qxd4 Ne5 19. f4 1-0

[Event "Pocos de Caldas op"]
[Site "Pocos de Caldas"]
[Date "2022.03.13"]
[Round "6"]
[White "Paula Pinto, Mateus Arsenio"]
[Black "Komatu, Felipe Karczewski"]
[Result "1/2-1/2"]
[WhiteElo "1800"]
[BlackElo "1559"]
[PlyCount "30"]
[EventDate "2022.03.11"]
[EventType "swiss"]
[EventRounds "6"]
[EventCountry "BRA"]
[SourceTitle "EXT 2023"]
[Source "ChessBase"]
[SourceDate "2022.10.05"]
[SourceVersion "1"]
[SourceVersionDate "2022.10.05"]
[SourceQuality "1"]

1. d4 Nf6 2. Nf3 g6 3. g3 Bg7 4. Bg2 0-0 5. 0-0 d5 6. c4 c6 7. Bf4 Bf5 8. Qb3 Qb6 9. Qxb6 axb6 10. cxd5 cxd5 11. Nc3 Nbd7 12. a3 Rfc8 13. Rfc1 h6 14. h4 e6 15. Nb5 Ne8 1/2-1/2

[Event "Pocos de Caldas op"]
[Site "Pocos de Caldas"]
[Date "2022.03.11"]
[Round "2"]
[White "Casalaspro, Mathias Andre"]
[Black "Paula Pinto, Mateus Arsenio"]
[Result "1-0"]
[WhiteElo "1575"]
[BlackElo "1800"]
[PlyCount "33"]
[EventDate "2022.03.11"]
[EventType "swiss"]
[EventRounds "6"]
[EventCountry "BRA"]
[SourceTitle "CBM 207 Extra"]
[Source "ChessBase"]
[SourceDate "2022.05.31"]
[SourceVersion "1"]
[SourceVersionDate "2022.05.31"]
[SourceQuality "1"]

1. e4 e5 2. Nf3 Nf6 3. d4 Nxe4 4. Bd3 d5 5. Nxe5 Qf6 6. 0-0 Bd6 7. f3 Bxe5 8. dxe5 Qxe5 9. fxe4 Qd4+ 10. Kh1 0-0 11. exd5 Qb6 12. b3 Na6 13. Qf3 Nb4 14. Ba3 Qd4 15. Nd2 Nxd3 16. cxd3 Bg4 17. Qf4 1-0